Statistics for Oceania

Click here to take the quiz!

General Stats

  • This quiz has been taken 68 times
  • The average score is 21 of 28

Answer Stats

Capitals/Countries % Correct
New Zealand
98%
Australia
95%
Solomon Islands
93%
Canberra
93%
Vanuatu
93%
Wellington
90%
Papua New Guinea
90%
Marshall Islands
90%
Fiji
88%
Tuvalu
88%
Tonga
88%
Samoa
88%
Micronesia
88%
Nauru
86%
Kiribati
86%
Palau
83%
Port Moresby
67%
Suva
64%
Port Vila
60%
Apia
57%
Honiara
52%
Funafuti
48%
Nuku Ľalofa
48%
Majuro
48%
Palikir
48%
Yaren
45%
Tarawa
43%
Ngerulmud
43%

Score Distribution

Percentile by Number Answered

Percent of People with Each Score

Your Score History

You have not taken this quiz